Investigation of mass dependence in particle-antiparticle mixing within the framework of the standard model /
Saved in:
| Main Author: | |
|---|---|
| Format: | Thesis Book |
| Language: | English |
| Published: |
1998.
|
| Subjects: | |
| Online Access: | http://studentsrepo.um.edu.my/id/eprint/1706 |
| Tags: |
Add Tag
No Tags, Be the first to tag this record!
|
| LEADER | 01057cam a2200277 a 4500 | ||
|---|---|---|---|
| 001 | u433452 | ||
| 003 | SIRSI | ||
| 008 | 910522s1998 my t 00 1 eng m | ||
| 035 | |a ACG-3516 | ||
| 040 | |a UMM | ||
| 090 | |a QC174.85 |b H35Raj | ||
| 091 | |a Microfiche 14421 | ||
| 100 | 2 | 0 | |a Rajesh Kumar, P. |
| 245 | 1 | 0 | |a Investigation of mass dependence in particle-antiparticle mixing within the framework of the standard model / |c P. Rajesh Kumar. |
| 260 | |c 1998. | ||
| 300 | |a vii, 61 leaves : |b ill. ; |c 30 cm. | ||
| 500 | |a Microfiche. Kuala Lumpur : University of Malaya Library, 2000. 1 fiche : negative ; 11 x 15 cm. | ||
| 502 | |a Dissertation (M.Sc.) -- Fakulti Sains, Universiti Malaya, 1998. | ||
| 504 | |a Includes bibliographical references. | ||
| 650 | 0 | |a Hamiltonian systems. | |
| 650 | 0 | |a Statistical physics. | |
| 710 | 2 | 0 | |a Universiti Malaya. |b Fakulti Sains. |
| 856 | 4 | 1 | |u http://studentsrepo.um.edu.my/id/eprint/1706 |
| 948 | |a 24/12/1998 |b 17/06/2002 | ||
| 596 | |a 1 | ||
| 999 | |a QC174.85 H35RAJ |w LC |c 1 |i A508664182 |l STACKS |m P01UTAMA |r Y |s Y |t TESIS |u 22/4/1999 | ||
